Frage ergibt Frage 2 - eine geografische Reise - Statistiken

Allgemein
  • Dieses Quiz wurde 131 mal gespielt
  • Das Durchschnittsergebnis liegt bei 19 aus 24
Antwortstatistiken
Hint Antwort % Korrekt
In welches Meer mündet der Fluss ^ Nordsee
100%
Von dort ^ geht es in die Hauptstadt London, durch die welcher Fluss fließt Themse
97%
Zu welchem deutschen Bundesland gehören diese ^ Inseln Niedersachsen
90%
Der östliche Teil dieses ^ Gebirges liegt in welchem Bundesland Sachsen-Anhalt
89%
Wie heißt die Hauptstadt von ^ Hannover
88%
In Deutschland landen wir in der bayrischen Hauptstadt ... München
85%
Wie heißt die Hauptstadt des Landes ^ Prag
85%
In welchem Land befindet sich dieser ^ Gebirgsteil mit der Quelle Tschechien
85%
Wie heißt die Hauptstadt von ^ Athen
84%
Welches ist das südlichste europäische Land dieser Halbinsel ^ Griechenland
84%
Von ^ ca. 90 km in südöstlicher Richtung liegt welches deutsche Mittelgebirge Harz
84%
Wie heißt die Hauptstadt von ^ Magdeburg
83%
Von da ^ fahren wir etwa 800 km in Richtung Süden und stehen dann an welchemMeeresteil des Mittelmeers Adria
78%
Wir fahren mit der Fähre vom französischen Calais über den Ärmelkanal ins
Vereinigte Königreich und kommen dort in welchem Ort an
Dover
78%
Welcher Fluss fließt durch ^ Elbe
78%
Wenn wir von ^ in südlicher Richtung über das Meer fahren, landen wir auf welcherbeliebten Urlaubsinsel Kreta
78%
In welchem Land liegt sie ^ Ägypten
73%
Welches Land ist der westliche Nachbar von ^ Libyen
72%
Von dieser Insel ^ fliegen wir dann ca. 4 Stunden in südöstlicher Richtungund landen in einer Stadt, die von Alexander dem Großen gegründet wurde Alexandria
70%
Östlich davon ^ befindet sich welche Halbinsel Balkanhalbinsel
65%
Zu welcher Inselgruppe gehört sie ^ Ostfriesische Inseln
64%
Welche ist die am westlichsten gelegene deutsche Insel in diesem ^ Meer Borkum
63%
Da wollen wir nicht lange bleiben und fliegen von der Hauptstadt? dieses Landes ^ zurück nach Deutschland Tripolis
56%
In welchem Gebirge entspringt dieser ^ Fluss Riesengebirge
34%
Keine übereinstimmenden Quizze gefunden
Verteilung der Resultate
Anzahl Personen mit jedem Resultat
Perzentil nach korrekt beantworteten Fragen
Ihre Resultats-Entwicklung
Sie haben dieses Quiz noch nicht gespielt